| 000 | 00385nam a2200133Ia 4500 | ||
|---|---|---|---|
| 008 | 220217s9999||||xx |||||||||||||| ||und|| | ||
| 020 | _a0-201-15461-7 | ||
| 082 | _a621.395 HAY | ||
| 100 | _aHayes, John, P | ||
| 245 | 0 | _aIntroduction to digital logic design | |
| 260 |
_aAddision wesley publishing _bCalifornia _c1994 |
||
| 300 | _b1200 | ||
| 650 | _aDIGITAL DESIGN/LOGIC DESIGN | ||
| 999 |
_c171945 _d171945 |
||